000 00287nam a22001337a 4500
008 170920b xxu||||| |||| 00| 0 eng d
020 _a9780962014703
041 _aeng
080 _a7
100 _a45
101 _aART
245 _aPLAIN TALK ABOUT ART
_cLAHTI,N.E
942 _2udc
_cBK
999 _c28390
_d28390